| 000 | 01550nam a22002777a 4500 | ||
|---|---|---|---|
| 001 | 8093 | ||
| 003 | FISKH | ||
| 005 | 20251205140227.0 | ||
| 008 | 250822b cb ||||| |||| 00| 0 eng d | ||
| 040 |
_aFISKH _bkhr _cFISKH _dFISKH |
||
| 050 | _aPZ7 | ||
| 082 | _aJ 629.28 | ||
| 100 | _aMinistry of Education, Youth and Sports | ||
| 245 |
_aខ្ញុំចង់បើកបរ / _cក្រសួងអប់រំយុវជន និង កីឡា |
||
| 260 |
_aភ្នំពេញ : _bក្រសួងអប់រំយុវជន និង កីឡា , |
||
| 300 |
_a16 pages : _bcolor illustrations ; _c25 cm. |
||
| 505 | _aK | ||
| 520 | _aចំណានហៅសានីដែលជាមិត្តមកជិះកង់ជាមួយ ។ ដោយសារតែក្តៅផងហត់ផងពួកគេក៏សម្រាកនៅក្រោមដើមឈើមួយ ហើយក៏នឹកចង់ បើក ឡាន ,កាណូត , ត្រាក់ទ័រ ព្រោះខ្លាចហត់ ។ | ||
| 520 | _aChannan called his friend Sane to go biking with him. Because it was hot and they were tired, they rested under a tree. Then, they started wishing they could drive a car, a boat, or a tractor — because they were afraid of getting too tired. | ||
| 521 | 8 |
_a510
_bLexile estimate |
|
| 521 | 8 |
_aK
_bRaz-Plus |
|
| 650 | _aខ្ញុំចង់បើកបរ | ||
| 650 | _aI want to drive | ||
| 942 |
_2ddc _cKHB _n0 |
||
| 999 |
_c8093 _d8093 |
||